| 000 | 00418nam a22001697a 4500 | ||
|---|---|---|---|
| 003 | NUST - PNEC | ||
| 005 | 20170116180838.0 | ||
| 008 | 150812b xxu||||| |||| 00| 0 eng d | ||
| 020 | _a8171172237 | ||
| 040 | _cLIBRARY | ||
| 082 | _a371.3 DEV | ||
| 100 |
_95166 _aDevi, Shakuntla |
||
| 245 |
_aModern techniques of teaching _cShakuntla Devi |
||
| 260 | _cc.2005 | ||
| 650 |
_95167 _aTeaching _xME |
||
| 942 |
_2ddc _cBK |
||
| 999 |
_c64310 _d64310 |
||